000 00485nam a2200169Ia 4500
003 GCL
008 140319s9999 xx 000 0 ara d
040 _aGCL /
_cGCL
082 0 4 _aط
_b813.02
_bع ش
100 1 _aعمر عسل
245 1 0 _aشبح فى السفينة الغارقة /
_cعمر عسل
490 _aقصص ومغامرات للاولاد والبنات
_v0
650 0 4 _aالاطفال
650 0 4 _aالقصص
650 0 4 _aقصص الاطفال
942 _2ddc
_cBK
999 _c44578
_d44578